000 00741nam a2200217Ia 4500
003 CO-CtgCURN
005 20250410183637.0
008 190722s9999 xx 000 0 und d
020 _a9586009017
040 _aCO-CtgCURN
_bspa
_ccoctgcurn
082 _a342.46
_bA663p
100 _aAraujo Renteria, Jaime
245 0 _aPrincipios de derecho constitucional /
_cJaime Araujo Renteria
260 _aBogotá, Colombia :
_bMcGraw Hill,
_c1999
300 _a500 páginas ;
_c23 centímetros
521 _aAREA PROFESIONAL
590 _aPrograma de Derecho_18
650 _aDerecho constitucional y administrativo
942 _cBK
_h342.46
_iA663p
_2ddc
_n0
999 _c28470
_d28470